Data structures and program design In c / (Record no. 190458)
[ view plain ]
| 000 -LEADER | |
|---|---|
| fixed length control field | 00761nam a2200229Ia 4500 |
| 005 - DATE AND TIME OF LATEST TRANSACTION | |
| control field | 20220618120742.0 |
| 008 - FIXED-LENGTH DATA ELEMENTS--GENERAL INFORMATION | |
| fixed length control field | 210716s2008 xx 000 0 und d |
| 020 ## - INTERNATIONAL STANDARD BOOK NUMBER | |
| International Standard Book Number | 9788120320970 |
| 040 ## - CATALOGING SOURCE | |
| Transcribing agency | AIMIT LIBRARY |
| 041 ## - LANGUAGE CODE | |
| Language code of text/sound track or separate title | eng |
| 082 ## - DEWEY DECIMAL CLASSIFICATION NUMBER | |
| Classification number | 005.73 |
| Edition number | 2 |
| Item number | KRUR |
| 100 ## - MAIN ENTRY--PERSONAL NAME | |
| Personal name | Kruse, Robert L. |
| 9 (RLIN) | 44061 |
| 245 ## - TITLE STATEMENT | |
| Title | Data structures and program design In c / |
| Statement of responsibility, etc. | By Robert L. Kruse, Clovis L. Tondo and Bruce P. Leung. |
| 250 ## - EDITION STATEMENT | |
| Edition statement | 2nd ed. |
| 260 ## - PUBLICATION, DISTRIBUTION, ETC. | |
| Place of publication, distribution, etc. | New Delhi : |
| Name of publisher, distributor, etc. | PHI Learning Pvt Ltd. , |
| Date of publication, distribution, etc. | 2008 . |
| 300 ## - PHYSICAL DESCRIPTION | |
| Extent | xvi, 671p. ; |
| Dimensions | 24 cm. |
| 650 ## - SUBJECT ADDED ENTRY--TOPICAL TERM | |
| Topical term or geographic name entry element | Program analysis and comparison |
| 9 (RLIN) | 44062 |
| 650 ## - SUBJECT ADDED ENTRY--TOPICAL TERM | |
| Topical term or geographic name entry element | Tables and information retrieval |
| 9 (RLIN) | 44063 |
| 700 ## - ADDED ENTRY--PERSONAL NAME | |
| Personal name | Tondo, Clovis L. |
| 9 (RLIN) | 44064 |
| 700 ## - ADDED ENTRY--PERSONAL NAME | |
| Personal name | Leung, Bruse P. |
| 9 (RLIN) | 44065 |
| 942 ## - ADDED ENTRY ELEMENTS (KOHA) | |
| Source of classification or shelving scheme | Dewey Decimal Classification |
| Koha item type | Book |
| Edition | 2nd |
| Call number prefix | 005.73 KRUR |
| Withdrawn status | Lost status | Source of classification or shelving scheme | Damaged status | Not for loan | Collection code | Home library | Current library | Source of acquisition | Cost, normal purchase price | Inventory number | Total Checkouts | Full call number | Barcode | Date last seen | Cost, replacement price | Price effective from | Koha item type |
|---|---|---|---|---|---|---|---|---|---|---|---|---|---|---|---|---|---|
| Dewey Decimal Classification | MCA | St Aloysius Institute of Management & Information Technology | St Aloysius Institute of Management & Information Technology | Sita Book House | 195.00 | Bno:266-oct-2003;Bdt:2003-10-31 | 005.73 KRUR | MCA05456 | 05/23/2026 | 156.00 | 07/16/2021 | Book | |||||
| Dewey Decimal Classification | MCA | St Aloysius Institute of Management & Information Technology | St Aloysius Institute of Management & Information Technology | Knowledge World | 295.00 | Bill no:703; Bill dt:2010-07-29 | 005.73 KRUR | MCA09966 | 05/23/2026 | 221.25 | 07/16/2021 | Book |